Leader xxxxxxxxxx
001 __ PCLIS00049849
005 __ 20221118091637.0
010 0_ |a978-986-5988-12-8|b平裝|dNT$360
100 __ |a20160421d2012 de y0chiy09 e
101 0_ |achi
102 __ |atw
105 __ |ay z 000ay
200 1_ |a修煉|hII|i千年之約|f陳郁如作
205 __ |a初版
210 __ |a臺北市|c小兵|d2012[民101]
215 0_ |a382面|d22公分
225 2_ |a修煉|vII
300 __ |a本館最新館藏為2015年13刷
461 _0 |12001 |a修煉|vII
517 1_ |a千年之約
606 __ |2cst|a長篇小說
681 __ |a857.7|b8756
700 _1 |a陳|b郁如|4作
801 _0 |atw|b內湖高中|c20121122|gCCR
801 _1 |atw|b內湖高中|c20160421|gCCR
801 _2 |atw|b內湖高中|c20210617|gCCR
|